Αλληλεπιδραστικά τρισδιάστατα περιβάλλοντα και αστρονομία : δημιουργία και αξιολόγηση εφαρμογής για τη διδασκαλία του ηλιακού συστήματος ; διπλωματική εργασία [πτυχιακή εργασία]
Αποθηκεύτηκε σε:
| Κύριος συγγραφέας: | |
|---|---|
| Συγγραφή απο Οργανισμό/Αρχή: | |
| Άλλοι συγγραφείς: | |
| Μορφή: | Thesis Βιβλίο |
| Γλώσσα: | Greek |
| Δημοσίευση: |
2015.
|
| Θέματα: | |
| Διαθέσιμο Online: | http://hdl.handle.net/11610/5982 |
| Ετικέτες: |
Προσθήκη ετικέτας
Δεν υπάρχουν, Καταχωρήστε ετικέτα πρώτοι!
|
MARC
| LEADER | 00000cam a2200000 a 4500 | ||
|---|---|---|---|
| 001 | 1/107579 | ||
| 008 | 150720s2015####gr | ||| |||| ||gre|| | ||
| 040 | |a GR-MyUa |b gre |c GR-MyUa |e AACR2 | ||
| 041 | 0 | |a gre | |
| 082 | 7 | |a 371.33 |2 (23) | |
| 100 | 1 | |a Μαστροκούκου, Αικατερίνη. | |
| 245 | 1 | 0 | |a Αλληλεπιδραστικά τρισδιάστατα περιβάλλοντα και αστρονομία : |b δημιουργία και αξιολόγηση εφαρμογής για τη διδασκαλία του ηλιακού συστήματος ; διπλωματική εργασία [πτυχιακή εργασία] / |c Μαστροκούκου Αικατερίνη ; επιβλέπων καθηγητής Φωκίδης Εμμανουήλ. |
| 260 | |c 2015. | ||
| 300 | |a 149 σ. : |b πίν., εικ. ; |c 30 εκ. | ||
| 500 | |a Μέλη εξεταστικής επιτροπής: Τσολακίδης Κωνσταντίνος, Σκουμιός Μιχαήλ. | ||
| 500 | |a Υπάρχει ψηφιακό αντίγραφο. | ||
| 502 | # | # | |a Πτυχιακή εργασία – Πανεπιστήμιο Αιγαίου, Ρόδος, 2015. |
| 504 | |a Βιβλιογραφία: σ. 122-133. | ||
| 506 | 1 | |a Πλήρες κείμενο - ελεύθερη δημοσίευση - κλειδωμένη η δυνατότητα αντιγραφής. | |
| 650 | 0 | |a Virtual reality. | |
| 650 | 0 | |a Virtual reality in education. | |
| 650 | 0 | |a Computer-assisted instruction |x Case studies. | |
| 650 | 0 | |a Teaching |x Aids and devices. | |
| 650 | 0 | |a Solar system. | |
| 700 | 1 | |a Φωκίδης, Εμμανουήλ, |e dgs [Επιβλέπων καθηγητής] | |
| 710 | 2 | |a Πανεπιστήμιο Αιγαίου |b Σχολή Ανθρωπιστικών Επιστημών |b Παιδαγωγικό Τμήμα Δημοτικής Εκπαίδευσης. | |
| 852 | |a INST |b RHODES |c DIATR |e 20150720 |h 371.33 ΜΑΣ |p 005400037891 |q 005400037891 |t DIE |y 23 | ||
| 856 | |u http://hdl.handle.net/11610/5982 | ||
| 924 | |a Μαστροκούκου |b Αικατερίνη |y Ρόδος |z 2015-06 | ||
| 970 | |z 20-07-2015 | ||